1678 1750 1833 1278 1018 1116 1115 1583 1239 1976 1261 1546 1039 1352 1222 1250 1103 1245 1815 1766 1520 1025 1234 1861 1155 1518 1658 1302 1222 1044 1656 1345 1293 1695 1113 1941 1342 1269 1573 1048 1966 1143 1630 1320 1100 1298 1658 1516 1233 1059 1671 1981 1965 1589 1379 1264 1205 1969 1855 1688 1654 1711 1629 1263 1437 1209 1321 1120 1439 1823 1348 1164 1496 1388 1422 1304 1061 1388 1241 1552 1974 1786 1952 1580 1616 1210 1490 1518 1507 1335 1982 1005 1654 1733 1044 1573 1047 1311 1264 BCNSPRNW ULIB Ver.6.0+V

เปลี่ยนเป็นภาษาไทย

Change to English
 แสดงรายละเอียดบรรณานุกรม
  กลับหน้าหลัก

Brief Record : Get Marc (ISO 2709) : E-mail record : QR code < ปิดหน้าต่าง
LEADER : 00000nam 2200000uu 4500
001    13399112796
003     ULIB
008    110908s2551||||th 000 0 tha d
020    9789740321736
050 04 LB1590.3^bส748พ 2551
100 0  สุคนธ์ สินธพานนท์
245 10 พัฒนาทักษะการคิด...พิชิตการสอน /^cสุคนธ์ สินธพานนท์ ...[และคนอื่นๆ]
250    พิมพ์ครั้งที่ 3 (ฉบับแก้ไขเพิ่มเติม)
260    กรุงเทพฯ :^bศูนย์หนังสือจุฬาลงกรณ์มหาวิทยาลัย,^c2551
300    200 หน้า :^bภาพประกอบ
504    บรรณานุกรม: หน้า 196-200
650  7 การเรียนรู้
650  7 กิจกรรมการเรียนการสอน
650  7 ความคิค
945    ^p180^l0^i024017
945    ^p180^l0^i024018
995    ทศพร
999 ^a ทศพร
รายการนี้ยังไม่มีแท็ก
คุณยังไม่ได้ล็อกอิน คุณสามารถมีกิจกรรมร่วมกับเว็บไซต์ได้ แต่ต้องล็อกอินก่อน ::
  ล็อกอิน

รายการสื่อสารสนเทศ

ลำดับที่ ประเภท เลขเรียก/บาร์โค้ด สถานที่ สถานะ
- ไม่พบข้อมูล -

รายการใกล้เคียง
    หัวเรื่อง [การเรียนรู้]
    หัวเรื่อง [กิจกรรมการเรียนการสอน]
    หัวเรื่อง [ความคิค]

BibComment


ยังไม่เคยถูกคอมเมนท์

คอมเมนท์ทรัพยากรรายการนี้
  คอมเมนท์: พัฒนาทักษะการคิดพ..


 Copyright 2026. Bcnsprnw @Library